Daňové aspekty uplatňovania DPH pri finančných činnostiach podniku diplomová práca

Saved in:
Bibliographic Details
Main Author: Múková, Andrea
Corporate Author: Podnikovohospodárska fakulta EU so sídlom v Košiciach. Katedra účtovníctva a financií
Other Authors: Simonidesová, Jana, 1968-
Format: Book
Language:Slovak
Published: Košice 2012
Tags: Add Tag
No Tags, Be the first to tag this record!

MARC

LEADER 00000nbm a2200000 4500
001 0153105
005 20161109102048.4
041 0 |a slo 
044 |a SK 
245 1 0 |a Daňové aspekty uplatňovania DPH pri finančných činnostiach podniku  |b diplomová práca  |c Andrea Múková ; školiteľ: Jana Simonidesová 
264 1 |a Košice  |c 2012 
300 |a 87 s. 
100 1 |a Múková, Andrea 
700 1 |a Simonidesová, Jana, 1968- 
710 2 |a Podnikovohospodárska fakulta EU so sídlom v Košiciach. Katedra účtovníctva a financií